000 00537nam a22001697a 4500
999 _c8724
_d8724
008 201211b ||||| |||| 00| 0 eng d
040 _aBMS College of Architecture
100 _aNagaraj, Megha
245 _aVaahanubhava-vintage automobile museum and auto mall
300 _a44p.
500 _a1BM11AT033
502 _8B,Arch
_NBMS College of Architecture, Visvesvaraya Technological University (VTU)
_aProject project
_d2015
650 _aMuseum
700 _aYogeshwari K
_eGuide
700 _aSoumya Koka
_eGuide
942 _2ddc
_cTHE